000 00646nam a2200205 u 4500
005 20230221063615.0
008 091119s2002 es r 000 0 spa d
020 _a8481559830
035 _aUPN01000173872
049 _aCG
050 4 _aLB2806.15
_bV3.3
100 1 _aValdivia Ruiz, Francisca
245 1 0 _aEstrategias de asesoramiento curricular :
_bpara el tratamiento a la diversidad /
_cFrancisca Valdivia Ruiz.
260 _aMadrid :
_bDykinson,
_c2002.
300 _a158 p.
650 2 _aDesarrollo curricular
_9405
650 2 _aAsesoramiento educativo
_910642
650 2 _aNecesidades educativas especiales
_96118
905 _aLibro
999 _c145976
_d145976